Statystyki dla Afrykańska zgadywanka

Kliknij tutaj aby rozwiązać quiz!

Ogólne statystyki

  • Ten quiz został rozwiązany 16 razy
  • Średni wynik to 41 z 54

Statystyki odpowiedzi

PodpowiedźOdpowiedź% Poprawnych
Największy kraj w AfryceAlgieria
100%
Na fladze widnieje tarcza masajskich wojownikówKenia
100%
Największa wyspa AfrykiMadagaskar
100%
Państwo z największą liczba mieszkańcówNigeria
100%
Posiada 3 stoliceRepublika Południowej Afryki
100%
Nazwa pochodzi od głównej rzeki tego kraju - ZambeziZambia
100%
Dawniej ZairDemokratyczna Republika Kongo
92%
Dawniej SuaziEswatini
92%
Pierwszymi mieszkańcami byli wyzwoleni niewolnicy z USALiberia
92%
Jako brytyjska kolonia teren ten nosił nazwę Niasa (Nyasaland)Malawi
92%
Wcale nie tacy mali (bo aż 1 240 192 km² i 8. miejsce na kontynencie)Mali
92%
Mieszkają tu MaurowieMauretania
92%
Na fladze widnieje karabin KałasznikowaMozambik
92%
Zwyczajowo miał tutaj swoją metę Rajd DakarSenegal
92%
Przepływając niedaleko, łatwo natknąć się na piratówSomalia
92%
Kraj z największą liczbą piramidSudan
92%
Najmłodsze państwo afrykiSudan Południowy
92%
Znajduje się tu najwyższa góra Afryki - KilimandżaroTanzania
92%
W czasach kolonialnych brytyjski protektorat pod nazwą BeczuanaBotswana
83%
Najmniejszy kraj tzw. Rogu AfrykiDżibuti
83%
Państwo ze stolicą w AsmarzeErytrea
83%
Rządził tu cesarz Hajle SelasjeEtiopia
83%
Kolonia Włoch, która uzyskała niepodległość w 1951 rokuLibia
83%
Na środku flagi znajduje się zielony pentagramMaroko
83%
Kraj znany z krwawych konfliktów etnicznych w roku 1994Rwanda
83%
Najmniejszy kraj na kontynencieSeszele
83%
Są tu ruiny starożytnej KartaginyTunezja
83%
Nazwa kraju pochodzi od nazwy królestwa BugandaUganda
83%
Nazwa kraju zawiera imię jednego z dwunastu ApostołówWyspy Świętego Tomasza i Książęca
83%
Luanda i Namibe to dwie z kilkunastu prowincji tego państwaAngola
75%
W latach ~1600–1904 istniało tam Królestwo DahomejuBenin
75%
Nazwa kraju pochodzi od znajdującego się w nim jezioraCzad
75%
Powstały tu takie rodzaje pisma jak hieratyka oraz demotykaEgipt
75%
Jeden z najbardziej rozwiniętych krajów Afryki Zachodniej. Twitter posiada tu swoją afrykańskie biuro.Ghana
75%
Najmniejsza monarchia konstytucyjnaLesotho
75%
Nazwa tego państwa to po łacinie "czarny", chociaż nie jest to w tym przypadku etymologia nazwy krajuNiger
75%
Dawniej Górna WoltaBurkina Faso
67%
Misjonarzem w tym kraju i wykładowcą w seminarium w Libreville był Marcel LefebvreGabon
67%
Jedyny kraj afrykański, w którym hiszpański ma status oficjalnego językaGwinea Równikowa
67%
Nazwa została nadana na cześć księcia Maurycego OrańskiegoMauritius
67%
Nazwa pochodzi od najstarszej pustyni na świecieNamibia
67%
Na fladze widnieje 10 gwiazd, symbolizujących główne wyspy tego krajuRepublika Zielonego Przylądka
67%
Nazwa pochodzi od portugalskiej nazwy rzeki Wouri - Rio de Camarões (Rzeka Krewetek)Kamerun
58%
Jest to położony najdalej na południe członek Ligi ArabskiejKomory
58%
Nazwa pochodzi od Gór LwichSierra Leone
58%
Dawna brytyjska kolonia, której walutą jest dalasiGambia
50%
W nazwie państwa zawiera się nazwa jego stolicyGwinea Bissau
50%
Jako pierwsze afrykańskie państwo (i drugie na świecie - po Salwadorze) uznało Bitcoin za swoją oficjalną waluteRepublika Środkowoafrykańska
50%
W stolicy kraju znajduje się największy kościół na świecie (wpisany do Księgi Rekordów Guinessa)Wybrzeże Kości Słoniowej
50%
Do 2018 stolicą była BużumburaBurundi
42%
Taką samą nazwę nosi złota moneta wybijana w Wielkiej Brytanii w latach 1663-1813Gwinea
42%
Jest jednym z dwóch państw, których nazwa pochodzi od tej samej rzekiKongo
42%
Kod samochodowy tego kraju to RTTogo
42%
Znajdują się tutaj ruiny największej w Afryce średniowiecznej budowliZimbabwe
42%

Rozkład punktacji

Percentyl według liczby udzielonych odpowiedzi

Procent ludzi z każdym wynikiem

Twoja historia wyników

Nie rozwiązałeś tego quizu